Statistics for Scientific Names of Compounds By Atomic Symbol

Click here to take the quiz!

General Stats

  • This quiz has been taken 109 times
  • The average score is 8 of 15

Answer Stats

Atomic SymbolCompound% Correct
H2OWater
97%
NaClTable Salt
96%
CO2Carbon Dioxide
90%
COCarbon Monoxide
85%
CaCO3Calcium Carbonate
74%
C6H12O6D-Glucose
70%
NH3Ammonia
67%
H2O2Hydrogen Peroxide
58%
C12H22O11Table Sugar
51%
Ca3(PO4)2Calcium Phosphate
49%
NaHCO3Sodium Bicarbonate
31%
C6H12O6Fructose
27%
C2H4O2Acetic Acid
16%
C17H19NO3Piperine
8%
C7H5N3O6Trinitrotoluene
8%

Score Distribution

Percentile by Number Answered

Percent of People with Each Score

Your Score History

You have not taken this quiz